[Event "British Universities-ch"]
[Site "Chess.com INT"]
[Date "2022.03.05"]
[Round "6.2"]
[White "Clark, Sophie"]
[Black "Varga, Andrea Alexandra"]
[Result "1-0"]
[WhiteElo "1348"]
[BlackElo "1268"]
[PlyCount "53"]
[EventDate "2022.03.05"]
[EventType "swiss"]
[EventRounds "9"]
[EventCountry "ENG"]
[SourceTitle "EXT 2023"]
[Source "ChessBase"]
[SourceDate "2022.10.05"]
[SourceVersion "1"]
[SourceVersionDate "2022.10.05"]
[SourceQuality "1"]
[WhiteTeam "Warwick (En Passant) V"]
[BlackTeam "Kent II"]
[WhiteTeamCountry "ENG"]
[BlackTeamCountry "ENG"]

1. e4 e5 2. Nf3 Nc6 3. Bb5 a6 4. Ba4 Nf6 5. 0-0 Nxe4 6. Re1 d5 7. Bxc6+ bxc6 8. d3 Nc5 9. Nxe5 Be7 10. Nxc6 Qd7 11. Rxe7+ Qxe7 12. Nxe7 Kxe7 13. Nc3 Re8 14. Nxd5+ Kf8 15. Nxc7 Bf5 16. h3 Rac8 17. Nxe8 Kxe8 18. Be3 Ne6 19. c4 Rd8 20. Qa4+ Kf8 21. Rd1 Bxd3 22. Qb3 Bxc4 23. Rxd8+ Nxd8 24. Qxc4 Ke7 25. Qc7+ Ke8 26. Bc5 Ne6 27. Qe7# 1-0